书目信息 |
| 题名: |
“一带一路”跨境通道建设研究报告
|
|
| 作者: | 郭业洲 主编 | |
| 分册: | 2016 | |
| 出版信息: | 北京 社会科学文献出版社 2016 |
|
| 页数: | 334页 | |
| 开本: | 24cm | |
| 丛书名: | ||
| 单 册: | ||
| 中图分类: | F125.5 | |
| 科图分类: | ||
| 主题词: | 区域经济合作--qu yu jing ji he zuo--国际合作--研究报告--中国--2016 | |
| 电子资源: | ||
| ISBN: | 978-7-5097-9355-8 | |
| 000 | 01408nam0 22002651 450 | |
| 001 | 0109172519 | |
| 005 | 20170309172519.0 | |
| 010 | @a978-7-5097-9355-8@dCNY89.00 | |
| 100 | @a20160923d2016 em y0chiy50 ea | |
| 101 | 0 | @achi@deng |
| 102 | @aCN@b110000 | |
| 105 | @ay z 000yy | |
| 106 | @ar | |
| 200 | 1 | @a“一带一路”跨境通道建设研究报告@9yi dai yi lu kua jing tong dao jian she yan jiu bao gao@h2016@dAnnual report on "the belt and road" trans-border gateways construction@h2016@f郭业洲主编@zeng |
| 210 | @a北京@c社会科学文献出版社@d2016 | |
| 215 | @a334页@d24cm | |
| 300 | @a“一带一路”跨境通道蓝皮书 2016版 皮书系列为“十二五”“十三五”国家重点图书出版规划项目 | |
| 314 | @a郭业洲,大学学历,文学学士。中共中央对外联络部副部长。 | |
| 330 | @a本报告分为八个部分,包括总报告,中蒙俄、新亚欧大陆桥、中国-中亚-西亚、中国-中南半岛、中巴、孟中印缅六大经济走廊建设报告,海上通道建设报告。报告主要围绕相关国家参与走廊建设的基本情况,中国及相关国家在参与走廊建设中面临的机遇、风险与挑战,“一带一路”建设与走廊沿线国家、地区发展规划对接与合作情况等进行研究,并提出有针对性的对策建议。 | |
| 510 | 1 | @aAnnual report on "the belt and road" trans-border gateways construction@zeng |
| 606 | 0 | @a区域经济合作@9qu yu jing ji he zuo@x国际合作@x研究报告@y中国@z2016 |
| 690 | @aF125.5@v5 | |
| 701 | 0 | @a郭业洲@9guo ye zhou@4主编 |
| 801 | 0 | @aCN@bTANGWEI@c20170308 |
| 905 | @b0954216-8@dF125.5@e274@f3 | |
| “一带一路”跨境通道建设研究报告.2016=Annual report on "the belt and road" trans-border gateways construction.2016/郭业洲主编.-北京:社会科学文献出版社,2016 |
| 334页;24cm |
| “一带一路”跨境通道蓝皮书 2016版 皮书系列为“十二五”“十三五”国家重点图书出版规划项目 |
| ISBN 978-7-5097-9355-8:CNY89.00 |
| 本报告分为八个部分,包括总报告,中蒙俄、新亚欧大陆桥、中国-中亚-西亚、中国-中南半岛、中巴、孟中印缅六大经济走廊建设报告,海上通道建设报告。报告主要围绕相关国家参与走廊建设的基本情况,中国及相关国家在参与走廊建设中面临的机遇、风险与挑战,“一带一路”建设与走廊沿线国家、地区发展规划对接与合作情况等进行研究,并提出有针对性的对策建议。 |
| ● |
| 相关链接 |
|
|
|
|
正题名:"一带一路"跨境通道建设研究报告
索取号:F125.5/274
 
预约/预借
| 序号 | 登录号 | 条形码 | 馆藏地/架位号 | 状态 | 备注 |
| 1 | 0954216 | 209542164 | 第一样本阅览室/ [索取号:F125.5/274] | 在馆 | |
| 2 | 0954217 | 209542173 | 第一借阅区/ [索取号:F125.5/274] | 在馆 | |
| 3 | 0954218 | 209542182 | 经管系资料室/ [索取号:F125.5/274] | 在馆 |